MARC

LEADER 00000nam0a2200000 4500
001 274552
005 20231101234735.0
010 |a 3540116451 
035 |a (RuTPU)RU\TPU\book\297762 
090 |a 274552 
100 |a 20141106d1983 k y0engy50 ba 
101 1 |a eng  |c fre 
102 |a DE 
105 |a a z 001zy 
200 1 |a Dynamical Systems on Surfaces  |f C. Godbillon 
210 |a Berlin  |c Springer-Verlag  |d 1983 
215 |a с.  |c il. 
225 1 |a Universitext 
320 |a Bibliography: p. 200-201 
606 1 |a Динамические системы, теория  |2 stltpush  |3 (RuTPU)RU\TPU\subj\59465  |9 77000 
606 1 |a Поверхности  |x (геометрия)  |2 stltpush  |3 (RuTPU)RU\TPU\subj\73550  |9 86480 
610 1 |a геометрия 
610 1 |a поверхности 
610 1 |a уравнения 
610 1 |a динамические свойства 
610 1 |a английский язык 
675 |a 514.75  |v 3 
675 |a 517.938  |v 3 
700 1 |a Godbillon  |b C. 
801 1 |a RU  |b 63413507  |c 20141106 
801 2 |a RU  |b 63413507  |c 20170120  |g RCR 
942 |c BK